Smallest European Countries That Have Population Of Over 5 Million - Statistics

General Stats
  • This quiz has been taken 96 times
    89 since last reset
  • The average score is 12 of 14
Answer Stats
Area(sqkm) Answer % Correct
30510 Belgium
96%
41526 Netherlands
94%
41290 Switzerland
93%
83858 Austria
92%
43094 Denmark
90%
110910 Bulgaria
89%
93030 Hungary
88%
92931 Portugal
88%
88361 Serbia
88%
48845 Slovakia
87%
78866 Czech Republic
86%
131940 Greece
85%
207600 Belarus
81%
238391 Romania
81%
No matching quizzes found
Score Distribution
Percent of People with Each Score
Percentile by Number Answered
Your Score History
You have not taken this quiz since the last reset